Logo BPK

Biblioteka

Politechniki Koszalińskiej

Aspects energeetiques des transmissions hydrostatiques / (Rekord nr 43074)

Szczegóły MARC
000 -ETYKIETA REKORDU
podpole kontrolne o stałej długości 00562nam a2200205 i 4500
001 - NUMER KONTROLNY REKORDU
pole kontrolne bg
020 ## - MIĘDZYNARODOWY ZNORMALIZOWANY NUMER KSIĄŻKI - ISBN
ISBN 8373480323
040 ## - ŹRÓDŁO KATALOGOWANIA
Instytucja, która utworzyła rekord BPK
041 0# - KOD JĘZYKA
Kod języka tekstu fra
080 ## - UNIWERSALNA KLASYFIKACJA DZIESIĘTNA - UKD
UKD 62-82
920 ## - Międzynarodowy znormalizowany numer książki – ISBN
ISBN 83-7348-032-3
008 - POLE O STAŁEJ DŁUGOŚCI - DANE KONTROLNE
podpole kontrolne o stałej długości s pl f |000 0 pol
100 1# - NAZWA OSOBOWA
Nazwa osobowa PASZOTA, Zygmunt
245 10 - TYTUŁ/ODPOWIEDZIALNOŚĆ
Tytuł Aspects energeetiques des transmissions hydrostatiques /
Pozostałe elementy strefy tytułu i oznaczenia odpowiedzialności Zygmunt Paszota.
260 ## - STREFA ADRESU WYDAWNICZEGO
Miejsce wydania Gdańsk :
Nazwa wydawcy/dystrybutora Wydaw. Politechniki Gdańskiej,
Data publikacji, dystrybucji/powstania dokumentu 2002.
300 ## - STREFA OPISU FIZYCZNEGO
Objętość 293 s. :
Inne cechy fizyczne il. ;
Rozmiary 24 cm.
504 ## - UWAGA DOTYCZĄCA BIBLIOGRAFII
Informacje o bibliografii Bibliogr.
650 #9 - HASŁO PRZEDMIOTOWE W FORMIE NAZWY OGÓLNEJ LUB JEDNOSTKOWEJ
Nazwa ogólna lub geograficzna Napęd hydrauliczny
Określnik ogólny badanie
856 ## - LOKALIZACJA I DOSTĘP DO ELEKTRONICZNYCH DOKUMENTÓW ZDALNYCH
Link (URL) http://koha.tu.koszalin.pl/cgi-bin/koha/opac-detail.pl?biblionumber=43074
Tekst linku Katalog online BPK
942 ## - DODATKOWE ELEMENTY (KOHA)
Typ dokumentu Książka
Egzemplarze
Wycofany Status egzemplarza Uszkodzony Dostępność Lokalizacja stała Lokalizacja bieżąca Miejsce przechowywania Sygnatura Kod kreskowy Typ dokumentu
      Dostępny Biblioteka Politechniki Koszalińskiej Biblioteka Politechniki Koszalińskiej Wypożyczalnia BG 68140 02017747 Książka
© 2023 Biblioteka Politechniki Koszalińskiej :: KOHA